Online
Catalog

Último jueves : (Record no. 19711)

MARC details
000 -CABECERA
campo de control de longitud fija 01431nam a2200241 a 4500
001 - NÚMERO DE CONTROL
campo de control 000020204
005 - FECHA Y HORA DE LA ÚLTIMA TRANSACCIÓN
campo de control 20200929170319.0
008 - DATOS DE LONGITUD FIJA--INFORMACIÓN GENERAL
campo de control de longitud fija 100727s2004 cu 001 u spa d
020 ## - NÚMERO INTERNACIONAL ESTÁNDAR DEL LIBRO
Número Internacional Estándar del Libro 9592096007
040 ## - FUENTE DE LA CATALOGACIÓN
Centro catalogador/agencia de origen DO-SdBNP
Lengua de catalogación spa
Centro/agencia transcriptor BNPHU
082 ## - NÚMERO DE LA CLASIFICACIÓN DECIMAL DEWEY
Número de clasificación 808.53
Número de documento/Ítem U47j
049 ## - FONDOS LOCALES (OCLC)
Fondos de biblioteca BNPD
245 00 - MENCIÓN DE TÍTULO
Título Último jueves :
Resto del título los debates de Temas.
260 ## - PUBLICACIÓN, DISTRIBUCIÓN, ETC.
Lugar de publicación, distribución, etc. La Habana, Cuba :
Nombre del editor, distribuidor, etc. Unión,
Fecha de publicación, distribución, etc. 2004.
300 ## - DESCRIPCIÓN FÍSICA
Extensión 310 p. ;
Dimensiones 22 cm.
504 ## - NOTA DE BIBLIOGRAFÍA, ETC.
Nota de bibliografía, etc. Incluye bibliografía y notas al pie de páginas.
505 0# - NOTA DE CONTENIDO CON FORMATO
Título Hacia una cultura del debate /
Mención de responsabilidad Rafael Hernández --
Título "Con todos y para el bien de todos", la idea de República en José Martí --
-- Identidad, conflictos raciales y discriminación en la República --
-- Nicolás Guillén, aquí y ahora --
-- ¿Qué significa ser marginal? --
-- Las ideas de la libertad, igualdad y democracia en el pensamiento contemporáneo --
-- Con los pobres de la tierra --
-- ¿Cómo se forma un ciudadano? --
-- Ciencia y cultura: comprensión de la complejidad --
-- ¿Por qué emigran los cubanos? --
-- Islas bajo el sol. Sociedad, cultura y turismo --
-- El habla popular y las normas sociales --
-- ¿Creer en qué? Problemas de la conciencia religiosa y de sus manifestaciones.
650 #4 - PUNTO DE ACCESO ADICIONAL DE MATERIA--TÉRMINO DE MATERIA
Término de materia o nombre geográfico como elemento de entrada Debates
9 (RLIN) 39876
650 #4 - PUNTO DE ACCESO ADICIONAL DE MATERIA--TÉRMINO DE MATERIA
Término de materia o nombre geográfico como elemento de entrada Política y cultura
9 (RLIN) 8455
650 #4 - PUNTO DE ACCESO ADICIONAL DE MATERIA--TÉRMINO DE MATERIA
Término de materia o nombre geográfico como elemento de entrada Cultura popular
Subdivisión geográfica Cuba
9 (RLIN) 42797
651 #4 - PUNTO DE ACCESO ADICIONAL DE MATERIA--NOMBRE GEOGRÁFICO
Nombre geográfico Cuba
Subdivisión general Condiciones Sociales
-- Ensayos, Conferencias, Etc.
9 (RLIN) 42798
910 ## - DATOS DE OPCIÓN DEL USUARIO (OCLC)
Datos de opción del usuario Validado. Control de calidad EMS
Holdings
Estado de retiro Estado de pérdida Restricciones de uso No para préstamo Código de colección Localización permanente Ubicación/localización actual Ubicación en estantería Fecha de adquisición Número de inventario Total de préstamos Signatura topográfica completa Código de barras Fecha visto por última vez Precio válido a partir de Tipo de ítem Koha
      Excluido de préstamo Monografías: Libros y Folletos General General Depósito 27.07.2010 LF1   808.53 U47j 20204-10 25.06.2020 25.06.2020 No se presta

Powered by Koha